| 000 | 01120nam0a22002531 4500 | ||
|---|---|---|---|
| 001 | rc\289998 | ||
| 005 | 20250621022026.0 | ||
| 010 |
_a5-7763-0090-8 _9500 |
||
| 035 | _a(NLR Aleph) 005521376 | ||
| 090 |
_a5511783 _c5511783 |
||
| 100 | _a20030307d1990 |||y0rusy50 ca | ||
| 101 | 0 | _arus | |
| 102 | _aRU | ||
| 105 | _aa ||||||||| | ||
| 200 | 1 |
_aОсновы экологии городской застройки _e[Учеб. пособие для спец. "Пром. и гражд. стр-во", "Охрана окружающей среды и рацион. использ. природ. ресурсов"] _fМ-во высш. и сред. спец. образования УССР. Учеб.-метод. каб. по высш. образованию, Макеев. инж.-строит. ин-т |
|
| 210 |
_aКиев _cУМКВО _d1990 |
||
| 215 |
_a54, [2] с. _cил. _d20 |
||
| 320 | _aБиблиогр.: с. 55 (13 назв.) | ||
| 700 | 1 |
_aЕлагин _bБ.Т. _gБорис Тимофеевич |
|
| 801 | 0 |
_aRU _bNLR _gpsbo |
|
| 801 | 1 |
_aRU _bELAR _2rusmarc |
|
| 852 |
_aNLR _j90-4/4566 |
||
| 942 | _cBOOK | ||
| 980 | _aNB | ||